Les discours d'André Malraux : une éloquence au service de la noblesse humaine (notice n° 1654384)

détails MARC
000 -LEADER
fixed length control field 01311cam a2200157 4500500
005 - DATE AND TIME OF LATEST TRANSACTION
control field 20260208005927.0
041 ## - LANGUAGE CODE
Language code of text/sound track or separate title fre
042 ## - AUTHENTICATION CODE
Authentication code dc
100 10 - MAIN ENTRY--PERSONAL NAME
Personal name Lambal, Raphaël
Relator term author
245 00 - TITLE STATEMENT
Title Les discours d'André Malraux : une éloquence au service de la noblesse humaine
260 ## - PUBLICATION, DISTRIBUTION, ETC.
Date of publication, distribution, etc. 2008.<br/>
500 ## - GENERAL NOTE
General note 24
520 ## - SUMMARY, ETC.
Summary, etc. André Malraux est un des rares intellectuels français du XXe siècle à posséder en propre le don oratoire. Une analyse du fonctionnement rhétorique de ses discours, nombreux et variés mais moins connus du public, présente l’intérêt de nous révéler une dimension séduisante de sa personnalité : celle de l’écrivain-orateur situé au point de rencontre de son engagement politico-culturel et de la pratique littéraire. Cette réflexion sur le statut de Malraux orateur, au moment où la communication l’emporte sur l’éloquence dans notre monde moderne, pourrait ouvrir d’intéressantes perspectives de recherches médiologiques sur l’art oratoire qui, de nos jours, croise toutes les autres formes modernes de médiation.
786 0# - DATA SOURCE ENTRY
Note Revue d'histoire littéraire de la France | 107 | 4 | 2008-02-01 | p. 923-935 | 0035-2411
856 41 - ELECTRONIC LOCATION AND ACCESS
Uniform Resource Identifier <a href="https://shs.cairn.info/revue-d-histoire-litteraire-de-la-france-2007-4-page-923?lang=fr&redirect-ssocas=7080">https://shs.cairn.info/revue-d-histoire-litteraire-de-la-france-2007-4-page-923?lang=fr&redirect-ssocas=7080</a>

Pas d'exemplaire disponible.

PLUDOC

PLUDOC est la plateforme unique et centralisée de gestion des bibliothèques physiques et numériques de Guinée administré par le CEDUST. Elle est la plus grande base de données de ressources documentaires pour les Étudiants, Enseignants chercheurs et Chercheurs de Guinée.

Adresse

627 919 101/664 919 101

25 boulevard du commerce
Kaloum, Conakry, Guinée

Réseaux sociaux

Powered by Netsen Group @ 2025